Western Europe - Statistics

General Stats
  • This quiz has been taken 321 times
    319 since last reset
  • The average score is 19 of 21
Answers on the Map
Answers color-coded by a green-red scale on the quiz's map according to % correct below.
 
Answer Stats
Answer % Correct
France
98%
Italy
98%
United Kingdom
98%
Germany
96%
Iceland
96%
Ireland
96%
Spain
96%
Portugal
95%
Netherlands
94%
Austria
93%
Norway
93%
Belgium
92%
Switzerland
92%
Denmark
91%
Luxembourg
88%
Vatican City
88%
Monaco
85%
Malta
83%
Andorra
82%
San Marino
82%
Liechtenstein
71%
No matching quizzes found
Score Distribution
Percent of People with Each Score
Percentile by Number Answered
Your Score History
You have not taken this quiz since the last reset